000
00255nam a2200097Ia 4500
001
816970
005
20250826171725.0
008
250824s9999 xx 000 0 und d
245
0
_a
KAPTAN FELİNİ FUTBOL MAÇI
_c
ŞEBNEM PİŞKİN
260
_b
ÇOCUK GEZEGENİ
999
_c
816970
_d
816970